Statistics for largest countries by continent

Click here to take the quiz!

General Stats

  • This quiz has been taken 19 times
  • The average score is 25 of 30

Answer Stats

continent country name % Correct
europeRussia
100%
north americaUnited States
100%
oceaniaNew Zealand
100%
asiaIndia
100%
asiaChina
100%
europeFrance
100%
oceaniaAustralia
95%
europeSpain
95%
north americaCanada
95%
south americaArgentina
95%
north americaMexico
95%
south americaBrazil
95%
europeUkraine
89%
asiaIndonesia
84%
south americaColombia
84%
south americaPeru
84%
south ameriicaBolivia
79%
asiaSaudi Arabia
79%
europeSweden
79%
africaDR Congo
79%
africaAlgeria
74%
africaChad
74%
asiaKazakhstan
68%
africaLibya
68%
oceaniaPapua new Guinea
68%
north americaHonduras
63%
oceaniaFiji
63%
north americaNicaragua
58%
africaSudan
53%
oceaniaSolomon Islands
37%

Score Distribution

Percentile by Number Answered

Percent of People with Each Score

Your Score History

You have not taken this quiz